Every Premier League Goalscorer for Manchester United - Statistics

General Stats
  • This quiz has been taken 4,925 times
    32 since last reset
  • The average score is 89 of 138
Answer Stats
Player % Correct
Bruno Fernandes
100%
Luke Shaw
100%
Benjamin Šeško
97%
Cristiano Ronaldo
97%
Matheus Cunha
97%
Bryan Mbeumo
93%
David Beckham
93%
Harry Maguire
93%
Marcus Rashford
93%
Ole Gunnar Solskjær
93%
Ryan Giggs
93%
Casemiro
90%
Diogo Dalot
90%
Rio Ferdinand
90%
Roy Keane
90%
Gary Neville
87%
Michael Carrick
87%
Paul Scholes
87%
Phil Neville
87%
Zlatan Ibrahimović
87%
Andy Cole
83%
Edinson Cavani
83%
Eric Cantona
83%
Juan Mata
83%
Nani
83%
Paul Pogba
83%
Robin van Persie
83%
Victor Lindelöf
83%
Wayne Rooney
83%
Alejandro Garnacho
80%
Amad Diallo
80%
Anthony Martial
80%
Dwight Yorke
80%
Ji-sung Park
80%
Nemanja Vidić
80%
Denis Irwin
77%
John O'Shea
77%
Lisandro Martínez
77%
Manuel Ugarte
77%
Rasmus Højlund
77%
Romelu Lukaku
77%
Scott McTominay
77%
Teddy Sheringham
77%
Alan Smith
73%
Antonio Valencia
73%
Antony
73%
Darren Fletcher
73%
Dimitar Berbatov
73%
Jadon Sancho
73%
Joshua Zirkzee
73%
Marouane Fellaini
73%
Nicky Butt
73%
Patrice Évra
73%
Patrick Dorgu
73%
Wes Brown
73%
Aaron Wan-Bissaka
70%
Ander Herrera
70%
Ángel Di María
70%
Carlos Tévez
70%
Danny Welbeck
70%
Fábio da Silva
70%
Fred
70%
Jesse Lingard
70%
Kobbie Mainoo
70%
Steve Bruce
70%
Anderson
67%
Ashley Young
67%
Daniel James
67%
Éric Bailly
67%
Javier Hernández
67%
Juan Sebastián Verón
67%
Rafael da Silva
67%
Alexis Sánchez
63%
Daley Blind
63%
Diego Forlán
63%
Donny van de Beek
63%
Gary Pallister
63%
Jonny Evans
63%
Mason Greenwood
63%
Mason Mount
63%
Matthijs de Ligt
63%
Morgan Schneiderlin
63%
Phil Jones
63%
Raphaël Varane
63%
Ruud van Nistelrooy
63%
Shinji Kagawa
63%
Bastian Schweinsteiger
60%
Federico Macheda
60%
Jaap Stam
60%
Matteo Darmian
60%
Michael Owen
60%
Nemanja Matić
60%
Bryan Robson
57%
Chris Smalling
57%
Henrikh Mkhitaryan
57%
Louis Saha
57%
Mark Hughes
57%
Mikaël Silvestre
57%
Adnan Januzaj
53%
Andrei Kanchelskis
53%
Memphis Depay
53%
Paul Ince
53%
Radamel Falcao
53%
Andreas Pereira
50%
Christian Eriksen
50%
David May
50%
Marcos Rojo
50%
Paul Parker
50%
Quinton Fortune
50%
Alexander Büttner
47%
Anthony Elanga
47%
Brian McClair
47%
Darron Gibson
47%
Gabriel Heinze
47%
Laurent Blanc
47%
Owen Hargreaves
47%
Ronny Johnsen
47%
Tom Cleverley
47%
James Wilson
43%
Jesper Blomqvist
43%
Giuseppe Rossi
40%
Lee Sharpe
40%
Brandon Williams
37%
Hannibal Mejbri
37%
Henning Berg
37%
Henrik Larsson
37%
Kléberson
37%
Chris Eagles
33%
Luke Chadwick
33%
Josh Harrop
30%
Mame Biram Diouf
30%
Dion Dublin
27%
Karel Poborský
27%
Kieran Richardson
27%
Jordi Cruyff
23%
Nick Powell
20%
David Bellion
17%
Keith Gillespie
17%
No matching quizzes found
Score Distribution
Percent of People with Each Score
Percentile by Number Answered
Your Score History
You have not taken this quiz since the last reset